|
|
แสดงรายละเอียดบรรณานุกรม |
|
|
Brief Record
: Get Marc (ISO 2709)
: E-mail record
: |
|
|
| LEADER 00000nam 2200000uu 4500 | |||
| 001 212770 | |||
| 003 ULIBM | |||
| 008 200401s||||||||th 000 0 tha d | |||
| 020 ^a9786160025411 | |||
| 041 ^atha | |||
| 090 ^aนว ล445ก 2559 | |||
| 100 0 ^aลินิน | |||
| 245 10 ^aกำราบรักเมียพยศ /^cลินิน | |||
| 250 ^aพิมพ์ครั้งที่ 1 | |||
| 260 ^aกรุงเทพฯ :^bSugar Beat,^c2559 | |||
| 300 ^a343 หน้า ;^c21 ซม. | |||
| 650 0 ^aThai fiction | |||
| 650 4 ^aนวนิยายไทย | |||
| 999 ^aใช้งานได้ทุกระบบ | |||
| คุณยังไม่ได้ล็อกอิน คุณสามารถมีกิจกรรมร่วมกับเว็บไซต์ได้ แต่ต้องล็อกอินก่อน :: |
|
| สถานะ | |||||||||
| 1. | นวนิยาย | นว ล445ก 2559 | On Shelf ขอยืม | ||||||
| [แสดง 1/1 รายการ] | |||||||||
| รายการใกล้เคียง หัวเรื่อง [Thai fiction]
|
BibComment |
| คอมเมนท์ทรัพยากรรายการนี้ |
|
|